[Event "Top 12 FRA-chT 2017"]
[Site "Chartres"]
[Date "2017.05.27"]
[Round "10"]
[White "Decosse, Jean-Fabien"]
[Black "Ider, Borya"]
[Result "0-1"]
[WhiteElo "2216"]
[BlackElo "2456"]
[Annotator "TA"]
[PlyCount "98"]
[EventDate "2017.??.??"]
[EventType "team-tourn"]
[EventCountry "FRA"]
[SourceTitle "playchess.com"]
[Source "ChessBase"]
[SourceQuality "1"]
[WhiteTeam "Lisieux"]
[BlackTeam "Mulhouse Philidor"]

{[%evp 11,98,39,39,10,33,39,88,26,43,37,55,55,55,55,55,55,55,55,55,55,81,50,98,50,55,52,45,0,0,-8,21,-14,-11,-26,-15,-34,-17,-41,-31,-117,-117,-165,-189,-184,-172,-236,-236,-239,-245,-310,-309,-314,-303,-307,-325,-293,-245,-243,-257,-236,-232,-238,-229,-356,-346,-339,-315,-327,-307,-578,-536,-780,-759,-746,-733,-962,-732,-729,-720,-716,-710,-588,0,-980,-988,-1292,-1247,-1887,-864]} 1. d4 e6 2. c4 Bb4+ 3. Nc3 f5 4. e3 Nf6 5. Nge2 b6 6. a3 {A85: Dutch Defence: 2 c4 Nf6 3 Nc3} Bd6 {LiveBook: 4 Games} (6... Bxc3+ 7. Nxc3 Bb7 8. d5 c6 9. d6 c5 10. Nb5 O-O 11. Nc7 f4 12. exf4 Nc6 13. Nxa8 Qxa8 14. Be2 Nd4 15. f3 Nh5 16. Be3 Nxf4 17. Bxf4 Rxf4 {½-½ (17) Ivanisevic,I (2651)-Sedlak,N (2541) Niksic 2016}) 7. d5 O-O 8. g3 {White is slightly better.} e5 $146 {[#]} ({Predecessor:} 8... Ba6 9. Bg2 Bxc4 10. dxe6 Nc6 11. exd7 Qxd7 12. Qa4 b5 13. Nxb5 Ne5 14. Bxa8 Bxb5 15. Qxa7 Bxe2 16. Kxe2 Qb5+ 17. Kd1 Ne4 18. Bxe4 fxe4 19. Qd4 Rxf2 {0-1 (19) Fourzan,R-Schuster,P (2547) ICCF email 2002}) 9. Bg2 (9. Bh3 $1 $16) 9... a5 10. Nb5 Na6 11. Nxd6 cxd6 12. a4 Nc5 13. O-O Qe7 14. b3 Ba6 15. Ba3 Rac8 16. Rc1 e4 17. h4 Ng4 18. Nf4 Ne5 19. f3 exf3 20. Bxf3 Rce8 21. Bxc5 (21. Rb1 {is more complex.} g5 22. hxg5 Qxg5 23. Rf2 Re7 24. Rg2) 21... dxc5 22. Qc2 Bc8 23. Rce1 d6 24. Qg2 Qf6 25. e4 ({Better is} 25. Bd1 $15) 25... Nxf3+ $17 26. Qxf3 Qd4+ 27. Qe3 {intending Qxd4.} fxe4 28. Kh2 (28. Rf2 $142) 28... Bg4 $19 29. Rf2 h6 {[%cal Bh7h6,Bh6g5][%mdl 32]} 30. Kg2 g5 31. hxg5 hxg5 32. Ne6 Rxf2+ 33. Kxf2 Qf6+ 34. Kg2 Bf3+ 35. Kg1 g4 36. Qf4 Qxf4 37. Nxf4 {[%mdl 4096] Endgame KRB-KRN} (37. gxf4 $142 Kf7 38. Kf2) 37... Kg7 38. Kf2 Kf6 39. Ke3 Rh8 40. Rf1 $2 (40. Ne6 Kf5 41. Ng7+ Kg6 42. Ne6) 40... Rh2 41. Rf2 Rh1 42. Rb2 Kf5 43. Ne6 Rd1 {[#] ( -> ...Rd3+)} 44. Nf4 Re1+ 45. Kf2 Rc1 46. Ke3 Rh1 (46... Bh1 $142 47. Kd2 Rf1) 47. Ne6 $1 Rh3 {Black is clearly winning.} 48. Nd8 Rxg3 {Threatens to win with ...Bh1+.} 49. Rf2 Kf6 {Precision: White = 29%, Black = 58%.} (49... Rg1 $142 50. Rh2 g3) 0-1

[Event "Top 12 FRA-chT 2017"]
[Site "Chartres"]
[Date "2017.05.27"]
[Round "10"]
[White "Moucheroud, Jeremy"]
[Black "Tregubov, Pavel V"]
[Result "1/2-1/2"]
[WhiteElo "2197"]
[BlackElo "2584"]
[Annotator "TA"]
[PlyCount "83"]
[EventDate "2017.??.??"]
[EventType "team-tourn"]
[EventCountry "FRA"]
[SourceTitle "playchess.com"]
[Source "ChessBase"]
[SourceQuality "1"]
[WhiteTeam "Montpellier"]
[BlackTeam "Clichy"]

{[%evp 25,83,8,4,-3,0,-1,4,-5,39,20,18,12,17,0,47,72,86,60,52,44,91,28,88,75,110,104,264,91,141,137,157,168,127,130,112,100,160,168,158,113,134,75,172,160,175,143,157,29,29,29,29,29,29,29,29,29,29,29,56,65]} 1. e4 c5 2. Nf3 Nc6 3. d4 cxd4 4. Nxd4 Nf6 5. Nc3 e5 6. Ndb5 d6 7. Nd5 Nxd5 8. exd5 Nb8 9. a4 Be7 10. Be2 O-O 11. O-O {B33: Sicilian: Pelikan and Sveshnikov Variations} Nd7 12. Kh1 a6 (12... f5 13. f4 a6 14. Na3 exf4 15. Bxf4 Ne5 16. Qd2 Bd7 17. Qb4 Rb8 18. c4 a5 {0-1 (58) Nakamura,H (2783)-Gelfand,B (2738) London 2012}) 13. Na3 {[%cal Bb5a3,Ba3c4,Bc4e3,Be3f5][%mdl 32]} b6 {[%cal Bb7b6,Bb6b5][%mdl 32] LiveBook: 3 Games} 14. Nc4 Bb7 15. f4 b5 $146 ({Predecessor:} 15... f5 16. Ra3 Rc8 17. Be3 exf4 18. Rxf4 Bg5 19. Nxd6 Bxf4 20. Bxf4 {½-½ (42) Vasiesiu,D (2440)-Parligras,M (2431) Targoviste 2001}) 16. Ne3 bxa4 17. fxe5 Nxe5 18. Nf5 Bf6 19. Rxa4 Re8 (19... g6 $5 {[%cal Rg6f5]} 20. Nh6+ Kg7 $14) 20. b3 Ng6 21. Bc4 Bc8 22. Bd2 Be5 23. Qf3 (23. Bd3 $16) 23... Rf8 (23... Bxf5 $1 $11 {remains equal.} 24. Qxf5 Qh4) 24. Bd3 $36 {[%mdl 2048] Keeping Black busy.} a5 25. Qh5 Re8 $2 {[#]} (25... Bxf5 $16 26. Qxf5 (26. Rxf5 h6 $16) 26... Qc8) 26. Rg4 $2 (26. Rh4 $1 $18 {[%mdl 512]} Bxf5 (26... Nxh4 27. Ne7+) 27. Qxh7+ Kf8 28. Rxf5 Qxh4 {[#]} 29. Rxf7+ $1 {[%mdl 512]} Kxf7 30. Bxg6+ Kf6 31. Qxh4+ Kxg6 32. g4) 26... Ra7 27. Bg5 Bxf5 28. Bxd8 Bxg4 29. Qxg4 Rxd8 30. g3 Bc3 (30... Rb8 $142 31. Kg2 Rc7) 31. Bxg6 hxg6 32. Qc4 Be5 33. Qc6 ({White should try} 33. Qa4) 33... Rdd7 (33... a4 $16 {is a better defense.}) 34. c4 Rdc7 35. Qe8+ Kh7 36. Rf3 (36. Re1 $16) 36... a4 $1 $11 {[%cal Ra4a3]} 37. bxa4 {And now c5 would win.} Rxc4 38. Rxf7 Rxf7 39. Qxf7 {aiming for a5.} Rxa4 40. Kg2 Ra2+ 41. Kh3 Rd2 42. Qf3 {Precision: White = 52%, Black = 22%.} 1/2-1/2

[Event "Top 12 FRA-chT 2017"]
[Site "Chartres"]
[Date "2017.05.27"]
[Round "10"]
[White "Marie, Maxime"]
[Black "Haussernot, Cecile"]
[Result "1-0"]
[WhiteElo "2177"]
[BlackElo "2099"]
[Annotator "NA"]
[PlyCount "67"]
[EventDate "2017.??.??"]
[EventType "team-tourn"]
[EventCountry "FRA"]
[SourceTitle "playchess.com"]
[Source "ChessBase"]
[SourceQuality "1"]
[WhiteTeam "Lisieux"]
[BlackTeam "Mulhouse Philidor"]
[TimeControl "40/5400+30:1800+30"]

1. c4 {[%emt 0:00:00]} c5 {[%emt 0:00:15]} 2. g3 {[%emt 0:00:00]} Nc6 {[%emt 0:00:17]} 3. Bg2 {[%emt 0:00:00]} g6 {[%emt 0:00:08]} 4. e3 {[%emt 0:01:31]} Bg7 {[%emt 0:01:16]} 5. Ne2 {[%emt 0:00:34]} e6 {[%emt 0:00:12]} 6. Nbc3 {[%emt 0:01:47]} Nge7 {[%emt 0:02:41]} 7. Ne4 {[%emt 0:06:11]} d6 {[%emt 0:06:45]} 8. h4 {[%emt 0:00:18]} h5 {[%emt 0:09:54]} 9. a3 {[%emt 0:04:17]} O-O {[%emt 0:14:21]} 10. Rb1 {[%emt 0:03:36]} Ne5 {[%emt 0:03:07]} 11. d3 {[%emt 0:03:56]} d5 {[%emt 0:02:45]} 12. Nxc5 {[%emt 0:05:51]} b6 {[%emt 0:09:12]} 13. Na4 {[%emt 0:11:07]} Ba6 {[%emt 0:01:10]} 14. b3 {[%emt 0:02:14]} dxc4 {[%emt 0:01:36]} 15. dxc4 {[%emt 0:00:22]} Nd3+ {[%emt 0:01:46]} 16. Kf1 {[%emt 0:00:28]} Nc5 {[%emt 0:00:32]} 17. Nb2 {[%emt 0:21:19]} Qxd1+ {[%emt 0:03:04]} 18. Nxd1 {[%emt 0:01:03]} Rad8 {[%emt 0:00:05]} 19. Ke1 {[%emt 0:08:16]} Rd3 {[%emt 0:13:12]} 20. b4 {[%emt 0:02:19]} Rfd8 {[%emt 0:00:23]} 21. Nb2 {[%emt 0:04:29]} Bxb2 {[%emt 0:00:32]} 22. Bxb2 {[%emt 0:00:23]} Na4 {[%emt 0:24:17]} 23. Bf6 {[%emt 0:04:56]} Bxc4 {[%emt 0:02:04]} 24. Bxe7 {[%emt 0:01:53]} Rd2 {[%emt 0:00:05]} 25. Bf3 {[%emt 0:03:57]} R8d7 {[%emt 0:02:07]} 26. Bf6 {[%emt 0:00:49]} Ra2 {[%emt 0:00:25]} 27. Rd1 {[%emt 0:01:35]} Rxd1+ {[%emt 0:00:52]} 28. Kxd1 {[%emt 0:00:06]} Bb3+ {[%emt 0:00:23]} 29. Kc1 {[%emt 0:03:46]} Bc4 {[%emt 0:00:15]} 30. Rd1 {[%emt 0:00:32]} Bd5 {[%emt 0:00:33]} 31. e4 {[%emt 0:01:17]} Rxa3 {[%emt 0:00:31]} 32. exd5 {[%emt 0:00:10]} Rxf3 {[%emt 0:00:05]} 33. d6 {[%emt 0:00:16]} Rxf6 {[%emt 0:00:16]} 34. d7 {[%emt 0:00:06]} 1-0

[Event "Top 12 FRA-chT 2017"]
[Site "Chartres"]
[Date "2017.05.27"]
[Round "10"]
[White "Leconte, Maria"]
[Black "Steil-Antoni, Fiona"]
[Result "1/2-1/2"]
[WhiteElo "2174"]
[BlackElo "2155"]
[Annotator "NA"]
[PlyCount "61"]
[EventDate "2017.??.??"]
[EventType "team-tourn"]
[EventCountry "FRA"]
[SourceTitle "playchess.com"]
[Source "ChessBase"]
[SourceQuality "1"]
[WhiteTeam "Saint Quentin"]
[BlackTeam "Vandoeuvre"]
[TimeControl "40/5400+30:1800+30"]

1. e4 {[%emt 0:00:00]} c6 {[%emt 0:00:04]} 2. d4 {[%emt 0:03:05]} d5 {[%emt 0:00:06]} 3. Nc3 {[%emt 0:00:11]} dxe4 {[%emt 0:00:06]} 4. Nxe4 {[%emt 0:00:03]} Nf6 {[%emt 0:00:10]} 5. Nxf6+ {[%emt 0:00:24]} exf6 {[%emt 0:00:07]} 6. Bc4 {[%emt 0:08:38]} Bd6 {[%emt 0:00:57]} 7. Ne2 {[%emt 0:02:19]} Qc7 {[%emt 0:02:10]} 8. Ng3 {[%emt 0:09:38]} O-O {[%emt 0:03:17]} 9. O-O {[%emt 0:00:26]} Rd8 {[%emt 0:03:52]} 10. Re1 {[%emt 0:09:49]} Nd7 {[%emt 0:01:33]} 11. Bb3 {[%emt 0:14:06]} Nf8 {[%emt 0:01:07]} 12. c4 {[%emt 0:06:33]} Ng6 {[%emt 0:03:48]} 13. Be3 {[%emt 0:11:22]} f5 {[%emt 0:16:33]} 14. Bg5 {[%emt 0:00:23]} Rf8 {[%emt 0:00:23]} 15. c5 {[%emt 0:10:17]} Bf4 {[%emt 0:01:41]} 16. Bxf4 {[%emt 0:00:31]} Qxf4 {[%emt 0:01:12]} 17. d5 {[%emt 0:08:26]} Bd7 {[%emt 0:01:53]} 18. d6 {[%emt 0:02:13]} Rae8 {[%emt 0:01:32]} 19. Re2 {[%emt 0:06:06]} Qg5 {[%emt 0:02:06]} 20. Rxe8 {[%emt 0:00:41]} Rxe8 {[%emt 0:00:32]} 21. Qh5 {[%emt 0:00:45]} Qxh5 {[%emt 0:06:25]} 22. Nxh5 {[%emt 0:00:01]} Re5 {[%emt 0:00:11]} 23. f4 {[%emt 0:01:30]} Rxc5 {[%emt 0:00:42]} 24. Re1 {[%emt 0:00:22]} a5 {[%emt 0:07:47]} 25. Kf2 {[%emt 0:00:35]} b5 {[%emt 0:01:18]} 26. Ke3 {[%emt 0:00:24]} b4 {[%emt 0:06:42]} 27. Kd4 {[%emt 0:00:04]} Rb5 {[%emt 0:00:09]} 28. Bc4 {[%emt 0:00:25]} Rb8 {[%emt 0:00:49]} 29. Kc5 {[%emt 0:00:25]} h6 {[%emt 0:12:26]} 30. Re3 {[%emt 0:00:18]} Kf8 {[%emt 0:06:41]} 31. b3 {[%emt 0:00:03]} 1/2-1/2

[Event "Top 12 FRA-chT 2017"]
[Site "Chartres"]
[Date "2017.05.27"]
[Round "10"]
[White "Aflalo, Sophie"]
[Black "Congiu, Mathilde"]
[Result "1-0"]
[WhiteElo "2135"]
[BlackElo "2248"]
[Annotator "NA"]
[PlyCount "81"]
[EventDate "2017.??.??"]
[EventType "team-tourn"]
[EventCountry "FRA"]
[SourceTitle "playchess.com"]
[Source "ChessBase"]
[SourceQuality "1"]
[WhiteTeam "Tremblay-En-France"]
[BlackTeam "Bois-Colombes"]
[TimeControl "40/5400+30:1800+30"]

1. e4 {[%emt 0:00:00]} c5 {[%emt 0:00:16]} 2. Nf3 {[%emt 0:00:00]} Nc6 {[%emt 0:00:21]} 3. d4 {[%emt 0:03:00]} cxd4 {[%emt 0:00:12]} 4. Nxd4 {[%emt 0:00:10]} e5 {[%emt 0:00:17]} 5. Nb5 {[%emt 0:02:45]} d6 {[%emt 0:00:28]} 6. N1c3 {[%emt 0:00:39]} a6 {[%emt 0:00:28]} 7. Na3 {[%emt 0:00:03]} Be7 {[%emt 0:00:25]} 8. Be3 {[%emt 0:00:16]} b5 {[%emt 0:03:48]} 9. Nd5 {[%emt 0:00:05]} Rb8 {[%emt 0:01:40]} 10. c4 {[%emt 0:09:47]} b4 {[%emt 0:00:55]} 11. Nc2 {[%emt 0:02:26]} Nf6 {[%emt 0:01:49]} 12. Qd3 {[%emt 0:00:43]} O-O {[%emt 0:03:51]} 13. Be2 {[%emt 0:02:15]} Nxd5 {[%emt 0:16:48]} 14. cxd5 {[%emt 0:11:09]} Na5 {[%emt 0:01:33]} 15. O-O {[%emt 0:00:14]} f5 {[%emt 0:06:44]} 16. f3 {[%emt 0:00:41]} b3 {[%emt 0:01:35]} 17. axb3 {[%emt 0:13:13]} Rxb3 {[%emt 0:07:41]} 18. Qd2 {[%emt 0:00:24]} Rxe3 {[%emt 0:04:24]} 19. Qxe3 {[%emt 0:00:27]} Bg5 {[%emt 0:00:11]} 20. Qc3 {[%emt 0:06:08]} Qb6+ {[%emt 0:00:58]} 21. Kh1 {[%emt 0:00:05]} Nb3 {[%emt 0:00:46]} 22. Rad1 {[%emt 0:12:32]} a5 {[%emt 0:06:16]} 23. Na3 {[%emt 0:02:40]} Nd4 {[%emt 0:03:48]} 24. Bd3 {[%emt 0:03:04]} Qd8 {[%emt 0:00:45]} 25. f4 {[%emt 0:04:33]} Bf6 {[%emt 0:01:39]} 26. fxe5 {[%emt 0:00:11]} Bxe5 {[%emt 0:03:26]} 27. Nc4 {[%emt 0:01:42]} Bf6 {[%emt 0:00:00]} 28. Qxa5 {[%emt 0:00:24]} Qe8 {[%emt 0:08:59]} 29. Nxd6 {[%emt 0:00:52]} Qh5 {[%emt 0:00:18]} 30. Nc4 {[%emt 0:01:03]} fxe4 {[%emt 0:13:27]} 31. Bxe4 {[%emt 0:01:06]} Re8 {[%emt 0:05:03]} 32. Qc7 {[%emt 0:16:31]} Ba6 {[%emt 0:02:02]} 33. Bf3 {[%emt 0:02:54]} Nxf3 {[%emt 0:00:44]} 34. gxf3 {[%emt 0:03:00]} Rc8 {[%emt 0:00:47]} 35. Qd7 {[%emt 0:00:09]} Rxc4 {[%emt 0:02:44]} 36. Qe6+ {[%emt 0:00:04]} Kf8 {[%emt 0:00:16]} 37. Qxa6 {[%emt 0:01:22]} Be5 {[%emt 0:02:30]} 38. Rd2 {[%emt 0:00:26]} Rc1 {[%emt 0:00:59]} 39. Qa3+ {[%emt 0:00:23]} Kf7 {[%emt 0:00:16]} 40. Rxc1 {[%emt 0:00:14]} Bf4 {[%emt 0:30:26]} 41. Qa7+ {[%emt 0:30:51]} 1-0

[Event "Top 12 FRA-chT 2017"]
[Site "Chartres"]
[Date "2017.05.27"]
[Round "10"]
[White "De Seroux, Camille"]
[Black "Roos, Louis"]
[Result "0-1"]
[WhiteElo "2117"]
[BlackElo "2346"]
[Annotator "NA"]
[PlyCount "68"]
[EventDate "2017.??.??"]
[EventType "team-tourn"]
[EventCountry "FRA"]
[SourceTitle "playchess.com"]
[Source "ChessBase"]
[SourceQuality "1"]
[WhiteTeam "Grasse Echecs"]
[BlackTeam "Strasbourg"]
[TimeControl "40/5400+30:1800+30"]

1. e4 {[%emt 0:00:00]} c5 {[%emt 0:02:09]} 2. Nc3 {[%emt 0:01:45]} Nc6 {[%emt 0:03:44]} 3. Bb5 {[%emt 0:01:14]} Nd4 {[%emt 0:10:18]} 4. Bc4 {[%emt 0:00:13]} a6 {[%emt 0:00:52]} 5. d3 {[%emt 0:01:34]} d6 {[%emt 0:03:58]} 6. Nge2 {[%emt 0:03:27]} Nc6 {[%emt 0:16:00]} 7. a4 {[%emt 0:04:08]} e6 {[%emt 0:06:51]} 8. O-O {[%emt 0:00:57]} Nf6 {[%emt 0:06:08]} 9. f4 {[%emt 0:14:19]} d5 {[%emt 0:06:06]} 10. Ba2 {[%emt 0:09:39]} Be7 {[%emt 0:02:44]} 11. Ng3 {[%emt 0:06:10]} dxe4 {[%emt 0:03:59]} 12. Ncxe4 {[%emt 0:09:41]} h5 {[%emt 0:06:29]} 13. Nxf6+ {[%emt 0:07:27]} Bxf6 {[%emt 0:00:22]} 14. c3 {[%emt 0:00:26]} h4 {[%emt 0:05:34]} 15. Nh5 {[%emt 0:03:14]} b6 {[%emt 0:06:12]} 16. f5 {[%emt 0:06:03]} e5 {[%emt 0:02:45]} 17. Qg4 {[%emt 0:09:35]} Kf8 {[%emt 0:07:47]} 18. Rf3 {[%emt 0:02:03]} e4 {[%emt 0:02:42]} 19. Qxe4 {[%emt 0:04:03]} Rxh5 {[%emt 0:00:18]} 20. Qxc6 {[%emt 0:00:21]} Ra7 {[%emt 0:00:12]} 21. a5 {[%emt 0:03:07]} Re7 {[%emt 0:03:28]} 22. Qxb6 {[%emt 0:04:48]} Re1+ {[%emt 0:00:31]} 23. Kf2 {[%emt 0:00:28]} Qe8 {[%emt 0:00:14]} 24. Qxc5+ {[%emt 0:06:27]} Kg8 {[%emt 0:00:27]} 25. Re3 {[%emt 0:00:30]} Rxe3 {[%emt 0:00:35]} 26. Qxe3 {[%emt 0:00:12]} Rxf5+ {[%emt 0:00:06]} 27. Kg1 {[%emt 0:00:16]} Re5 {[%emt 0:00:09]} 28. Qf3 {[%emt 0:00:49]} Bb7 {[%emt 0:01:11]} 29. Qg4 {[%emt 0:00:51]} Re2 {[%emt 0:01:02]} 30. Qh5 {[%emt 0:00:36]} Rxg2+ {[%emt 0:00:25]} 31. Kf1 {[%emt 0:00:10]} g6 {[%emt 0:00:13]} 32. Qd1 {[%emt 0:00:33]} Rxh2 {[%emt 0:00:12]} 33. Be3 {[%emt 0:00:49]} Qxe3 {[%emt 0:00:23]} 34. Bxf7+ {[%emt 0:00:03]} Kg7 {[%emt 0:00:16]} 0-1

[Event "Top 12 FRA-chT 2017"]
[Site "Chartres"]
[Date "2017.05.27"]
[Round "10"]
[White "Marchadour, Emilie"]
[Black "Sokolov, Andrei"]
[Result "0-1"]
[WhiteElo "2097"]
[BlackElo "2519"]
[Annotator "TA"]
[PlyCount "58"]
[EventDate "2017.??.??"]
[EventType "team-tourn"]
[EventCountry "FRA"]
[SourceTitle "playchess.com"]
[Source "ChessBase"]
[SourceQuality "1"]
[WhiteTeam "Lisieux"]
[BlackTeam "Mulhouse Philidor"]

{[%evp 18,58,16,17,21,0,4,-43,0,-59,-56,-72,-60,-130,-31,-125,-112,-195,-168,-207,-204,-196,-187,-333,-279,-262,-270,-666,-655,-631,-286,-333,-324,-372,-273,-261,-266,-329,-339,-1227,-1026,-1222,-1184]} 1. e4 c5 2. Nf3 e6 3. d4 cxd4 4. Nxd4 Nf6 5. Nc3 d6 6. Be2 Be7 7. O-O O-O 8. Kh1 Nc6 9. f4 Bd7 10. Nb3 a6 {B83: Sicilian Scheveningen: 6 Be2, lines without ...a6} 11. Bf3 b5 12. Qe1 $146 ({Predecessor:} 12. a3 Rb8 13. Qe2 b4 14. axb4 Nxb4 15. Rd1 Qc7 16. Na5 Rfc8 17. Be3 Be8 18. Qf2 {½-½ (60) Pogonina,N (2476)-Cramling,P (2514) Eilat 2012}) 12... Rc8 {Black is slightly better.} (12... b4 $5 {[%cal Rb4c3]} 13. Ne2 a5 $11) 13. e5 (13. a3 $11) 13... Ne8 $15 14. Be3 dxe5 15. Qf2 {[#]} (15. Rd1 $15) 15... Nf6 (15... Nd6 $1 $17 {Threatens to win with ...Nc4.} 16. Be2 exf4 17. Bxf4 e5) 16. Bb6 (16. Rad1 $15) 16... Qe8 $17 17. fxe5 (17. Nc5 $17) 17... Nxe5 $19 18. Bb7 Neg4 19. Qg1 Rb8 20. Bxa6 (20. Bf3 $142) 20... b4 21. Nd1 Bd6 22. Bc5 $2 (22. h3 Qe7 23. Bc5) 22... Bxh2 23. Qd4 Be5 (23... e5 $142 24. Qc4 Nh5) 24. Qd3 Bc6 25. Ne3 Be4 26. Qe2 Nxe3 27. Qxe3 Qc6 (27... Bxb2 $2 28. Rab1 $17) 28. Bxf8 $2 (28. Qg5 Bxb2 29. Bxf8 Rxf8 30. Bb5) 28... Bxg2+ 29. Kg1 {[#]} Bh2+ $1 {[%mdl 512] Precision: White = 17%, Black = 56%.} 0-1

[Event "Top 12 FRA-chT 2017"]
[Site "Chartres"]
[Date "2017.05.27"]
[Round "10"]
[White "Guerlin Dit De Guer, Clarisse"]
[Black "Guichard, Pauline"]
[Result "0-1"]
[WhiteElo "1278"]
[BlackElo "2312"]
[Annotator "NA"]
[PlyCount "36"]
[EventDate "2017.??.??"]
[EventType "team-tourn"]
[EventCountry "FRA"]
[SourceTitle "playchess.com"]
[Source "ChessBase"]
[SourceQuality "1"]
[WhiteTeam "Montpellier"]
[BlackTeam "Clichy"]
[TimeControl "40/5400+30:1800+30"]

1. e4 {[%emt 0:00:00]} g6 {[%emt 0:00:05]} 2. d4 {[%emt 0:00:00]} Bg7 {[%emt 0:00:07]} 3. Nf3 {[%emt 0:00:00]} d6 {[%emt 0:00:23]} 4. h3 {[%emt 0:03:54]} c5 {[%emt 0:01:49]} 5. c3 {[%emt 0:02:52]} b6 {[%emt 0:03:23]} 6. Bc4 {[%emt 0:02:52]} e6 {[%emt 0:04:48]} 7. Bb3 {[%emt 0:03:40]} Nf6 {[%emt 0:01:03]} 8. Bg5 {[%emt 0:07:23]} Qc7 {[%emt 0:05:22]} 9. Qe2 {[%emt 0:06:06]} O-O {[%emt 0:02:45]} 10. O-O {[%emt 0:00:23]} Ba6 {[%emt 0:03:31]} 11. c4 {[%emt 0:05:41]} d5 {[%emt 0:03:08]} 12. e5 {[%emt 0:04:08]} Nfd7 {[%emt 0:01:48]} 13. Rd1 {[%emt 0:08:40]} cxd4 {[%emt 0:01:29]} 14. Rxd4 {[%emt 0:00:31]} Nc6 {[%emt 0:01:22]} 15. Rd2 {[%emt 0:05:21]} Ncxe5 {[%emt 0:01:13]} 16. Bf4 {[%emt 0:14:18]} dxc4 {[%emt 0:01:50]} 17. Bc2 {[%emt 0:06:49]} c3 {[%emt 0:01:41]} 18. Qxa6 {[%emt 0:05:28]} cxb2 {[%emt 0:01:32]} 0-1

[Event "Top 12 FRA-chT 2017"]
[Site "Chartres"]
[Date "2017.05.28"]
[Round "11"]
[White "Vachier-Lagrave, Maxime"]
[Black "Malakhov, Vladimir"]
[Result "1/2-1/2"]
[WhiteElo "2795"]
[BlackElo "2712"]
[Annotator "TA"]
[PlyCount "98"]
[EventDate "2017.??.??"]
[EventType "team-tourn"]
[EventCountry "FRA"]
[SourceTitle "playchess.com"]
[Source "ChessBase"]
[SourceQuality "1"]
[WhiteTeam "Clichy"]
[BlackTeam "Tremblay-En-France"]

{[%evp 13,98,4,10,12,15,12,17,20,37,37,35,45,39,42,35,30,23,32,32,31,32,31,31,23,27,16,44,47,43,29,29,36,36,20,27,13,22,20,4,15,71,0,0,0,37,8,18,21,10,6,54,0,0,0,0,0,0,0,0,0,0,0,0,0,0,0,0,0,0,0,0,0,0,0,0,0,0,0,0,0,0,0,0,0,0,-16,0]} 1. e4 e5 2. Nf3 Nc6 3. Bb5 Nf6 4. d3 Bc5 5. c3 O-O 6. Bg5 {C65: Ruy Lopez: Berlin Defence (3...Nf6), unusual lines and 4 0-0 Bc5} h6 7. Bh4 Be7 {LiveBook: 12 Games} 8. O-O d6 9. Bg3 $146 ({Predecessor:} 9. Nbd2 Nh5 10. Bxe7 Qxe7 11. Nc4 Nf4 12. Ne3 Qf6 13. g3 Nh3+ {1-0 (75) Carlsen,M (2853)-Karjakin,S (2772) New York 2016}) 9... Bd7 10. h3 Nh7 11. Nbd2 Ng5 12. Re1 Nxf3+ 13. Nxf3 Bf6 14. a4 a6 15. Bc4 Ne7 16. d4 {[%cal Rd4e5]} Ng6 17. b4 a5 18. b5 Qe7 19. Ra2 b6 20. Bd5 Rad8 21. c4 exd4 22. Nxd4 Be5 23. Ra3 Kh8 24. Qd2 Qg5 25. Qxg5 hxg5 26. Bxe5 dxe5 (26... Nxe5 $11 27. Nf3 Nxf3+ 28. Rxf3 f6) 27. Nc6 (27. Ne2 $16) 27... Bxc6 $1 $11 28. bxc6 Ne7 29. Rc1 f6 30. Rb3 Kh7 31. Kf1 Nxd5 32. cxd5 {[%mdl 4096] Endgame KRR-KRR} ({White should play} 32. exd5 $14 Rb8 33. c5 bxc5 34. Rb5) 32... Kg6 {The position is equal.} 33. Ke2 Kf7 34. Rg3 Rh8 35. Kd3 Rh7 36. Kc4 Ke7 37. Rg4 Kd6 38. Rc3 Rdh8 39. Kb5 Rh5 40. Rf3 Rd8 41. Rf5 Rdh8 42. Rf3 R5h7 43. Rf5 Ra8 44. Rgxg5 fxg5 45. Rf7 $1 {[%csl Gc6][%cal Rf7d7] [#]} Rd8 46. f3 Rhh8 {Threatens to win with ...Rhg8.} 47. Rxg7 Rhg8 (47... g4 $5 48. hxg4 Rh6 $11) 48. Rh7 Rh8 49. Rg7 Rhg8 {Precision: White = 69%, Black = 68%.} 1/2-1/2

[Event "Top 12 FRA-chT 2017"]
[Site "Chartres"]
[Date "2017.05.28"]
[Round "11"]
[White "Li, Chao b"]
[Black "Nataf, Igor-Alexandre"]
[Result "1-0"]
[WhiteElo "2722"]
[BlackElo "2535"]
[Annotator "TA"]
[PlyCount "75"]
[EventDate "2017.??.??"]
[EventType "team-tourn"]
[EventCountry "FRA"]
[SourceTitle "playchess.com"]
[Source "ChessBase"]
[SourceQuality "1"]
[WhiteTeam "Nice Alekhine"]
[BlackTeam "Strasbourg"]

{[%evp 27,75,44,47,0,37,31,46,32,44,39,37,44,56,68,48,70,155,150,190,179,203,88,87,60,124,0,129,129,114,122,110,46,80,0,7,14,306,306,409,412,395,400,647,630,631,614,719,720,681,480]} 1. d4 Nf6 2. c4 g6 3. Nc3 Bg7 4. e4 d6 5. h3 O-O 6. Nf3 e5 7. d5 a5 8. g4 Na6 9. Be3 Nc5 10. Nd2 c6 11. Be2 a4 {E92: King's Indian: Classical: 6 Be2 e5: 7 dxe5, 7 Be3 and Petrosian System without 7...Nbd7} 12. g5 Ne8 13. h4 cxd5 14. cxd5 Bd7 {LiveBook: 9 Games} 15. Kf1 $146 ({Predecessor:} 15. a3 Rc8 16. Rc1 f6 17. Kf1 Rf7 18. Kg2 Bf8 19. Qg1 fxg5 20. hxg5 {½-½ (61) Bellahcene,B (2496)-Bacrot,E (2689) London 2016}) 15... f6 16. Rc1 Rc8 17. Kg2 fxg5 18. hxg5 Rf4 19. Bxf4 exf4 20. Nf3 Bg4 21. Kf1 Qe7 (21... Ra8 $14) 22. Nxa4 $16 Qxe4 23. Rc4 Qf5 24. Nxc5 (24. Nb6 $18 {and White stays clearly on top.} Rc7 25. Ng1) 24... dxc5 25. d6 {Threatens to win with Rh4.} Rd8 (25... b5 $14 26. Rc2 Nxd6) 26. Qc1 (26. Qc2 $16) 26... Nxd6 (26... Bh3+ $1 $11 {remains equal.} 27. Ke1 Nxd6 28. Rxc5 Qe6) 27. Rxf4 Qc8 28. Kg2 Be6 29. Rfh4 ({Better is} 29. b3 $16) 29... Bd5 30. Qf4 ({White should try} 30. Kf1 $16) 30... Qe6 31. Rxh7 {White wants to play b3.} Rf8 $2 {[%mdl 8192] [#]} (31... Bxb2 $11 {and Black is okay.} 32. Qd2 Be5) 32. Qh2 $1 $18 {Intending Rxg7+! and mate.} Ne8 {[#] And now ...Rxf3 would win.} 33. Rh8+ $1 Kf7 (33... Bxh8 34. Qh7#) 34. Qf4+ Ke7 (34... Qf5 $142 35. Qxf5+ gxf5) 35. Rxf8 {White is clearly winning.} Bxf8 {[#]} 36. Bc4 $1 {[%mdl 512]} Bxc4 {[#]} 37. Re1 $1 {Qxc4 is the strong threat.} Be2 38. Ng1 {Precision: White = 54%, Black = 30%.} 1-0